Vista normal
Vista MARC
Entrada Personal Name
Número de registros utilizados en: 11
001 - CONTROL NUMBER
- control field: 48549
003 - CONTROL NUMBER IDENTIFIER
- control field: OSt
005 - DATE AND TIME OF LATEST TRANSACTION
- control field: 20241126090708.0
008 - FIXED-LENGTH DATA ELEMENTS
- fixed length control field: 241126|| aca||aabn | a|a d
040 ## - CATALOGING SOURCE
- Original cataloging agency: OSt
- Transcribing agency: OSt
100 ## - HEADING--PERSONAL NAME
- Personal name: Jiménez de Alvarado, Ana Imelda,
- Dates associated with a name: 1943-
670 ## - SOURCE DATA FOUND
- Source citation: Work cat.: (OSt)43191: Jiménez de Alvarado, Ana Imelda, 1943-, San Juanito de ayer a hoy (1913-2021)